Visualizzazione normale
Vista MARC
- Hines Earl
di Personal Name
Records bibliografici associati: 1
001 - CONTROL NUMBER
- control field: 21969
003 - CONTROL NUMBER IDENTIFIER
- control field: IT-RoPau
005 - DATE AND TIME OF LATEST TRANSACTION
- control field: 20140424210626.0
008 - FIXED-LENGTH DATA ELEMENTS
- fixed length control field: 140424|| aca||aabn | a|a d
040 ## - CATALOGING SOURCE
- Original cataloging agency: IT-RoPau
- Transcribing agency: IT-RoPau
100 ## - HEADING--PERSONAL NAME
- Personal name: Hines Earl
- Miscellaneous information: Codice autore SPICS: 16156
- Relator term: Autore
- Name of part/section of a work: Stormy Monday Blues - Jelly Jelly
670 ## - SOURCE DATA FOUND
- Source citation: Work cat.: (IT-RoPau)102310: AA.VV. 794, Jazz. Gli uomini, gli strumenti, gli stili 89